000 00633cam a22002053a 4500
001 45502
003 PGUSA
005 20140828084043.0
008 140426s2014||||xxu|||||s|||||000 | eng d
040 _aPGUSA
_beng
042 _adc
100 1 _aRiis, Jacob A.
_q(Jacob August),
_d1849-1914
245 1 0 _aHow the Other Half Lives :
_bStudies Among the Tenements of New York
_h[electronic resource] /
_cJacob A. Riis
260 _bProject Gutenberg,
_c2014
506 _aPublic domain in the USA.
516 _aElectronic text
830 0 _aProject Gutenberg
_v45502
856 4 0 _uhttp://www.gutenberg.org/ebooks/45502
942 _cEB
999 _c274753
_d274753